000 nas a22 7a 4500
999 _c8482
_d8482
005 20250826103516.0
008 2025 b1982 ec ||||| |||| 00| 0 spa d
040 _aCIDAP
041 _aspa
082 _a780
084 _aAP-864
100 _4Texto
_aMena, Vicente
_912928
110 _aRevista Diners
_912929
245 _aA propósito de música y danza
260 _aCuenca,
_bRevista Diners. Junio 1982. N° 11
300 _a42-46 pp.
310 _aMensual
520 _aReportaje sobre la música y danza de los pueblos aborígenes del Ecuador.
650 _aDANZA Y BAILE-ECUADOR
_912930
650 _aECUADOR-MÚSICA
_91062
700 _aGarcía, Marcela
_eFotografía
_912931
856 _uhttp://documentacion.cidap.gob.ec:8080/handle/cidap/2235
942 _2ddc
_cARP
_zNC